00767nam a2200217 a 450000100060000000300090000600800410001502000150005604000280007108200180009910000370011724500490015426000580020330000110026159000490027265000290032165000300035094200120038099900170039295201400040918039CO-ViMGA141112s2004 ck r 000 u spa d a9586163814 aCO-ViMGAbspacCO-ViMGA04a346.059 R354f1 aRengifo García, Ernesto95315210aLa fiducia mercantil y pública en Colombia aBogotá, cUniversidad externado de Colombia, c1998 a249.p. aForma de adquisición : Premio - Mincultura14aFIDUCIA - COLOMBIA9898214aFIDUCIA - HISTORIA925606 2ddccBK c27416d27416 00102ddc40708002aMEVIECARbMEVIECARd2015-12-04h11/jun/2009l0o346.059 R354f p18039r2015-12-04 00:00:00tEj. 1w2015-12-04yBK